000 00488nam a22001697a 4500
005 20251108164236.0
008 250721s1997 xx 000 0 ara d
082 1 4 _a301.01/عمر
100 1 _aعمر، معن خليل
245 1 0 _aنظريات معاصرة في علم الإجتماع /
264 1 _aعمان :
_bدار الشروق،
_c1997.
300 _a327ص
650 1 7 _aالعلوم الإجتماعية
650 1 7 _aالنظريات
942 _2ddc
_cBK
999 _c7272
_d7272